An introduction to Financial Institutions, Investments, And Management (Record no. 7916)

MARC details
000 -LEADER
fixed length control field 00573nam a22002057a 4500
003 - CONTROL NUMBER IDENTIFIER
control field OSt
005 - DATE AND TIME OF LATEST TRANSACTION
control field 20220801114636.0
008 - FIXED-LENGTH DATA ELEMENTS--GENERAL INFORMATION
fixed length control field 220801b ||||| |||| 00| 0 eng d
020 ## - INTERNATIONAL STANDARD BOOK NUMBER
International Standard Book Number 9788337691017
028 ## - PUBLISHER NUMBER
Source purchase
040 ## - CATALOGING SOURCE
Transcribing agency ddc
082 ## - DEWEY DECIMAL CLASSIFICATION NUMBER
Classification number 658.1 MAY 2018
100 ## - MAIN ENTRY--PERSONAL NAME
Personal name Mayo,Herbert
9 (RLIN) 16087
245 ## - TITLE STATEMENT
Title An introduction to Financial Institutions, Investments, And Management
260 ## - PUBLICATION, DISTRIBUTION, ETC. (IMPRINT)
Place of publication, distribution, etc. Canada;
Name of publisher, distributor, etc. Southwestern:
Date of publication, distribution, etc. 2018
300 ## - PHYSICAL DESCRIPTION
Extent xiii,604p;
Other physical details ill:
Dimensions 25cm
504 ## - BIBLIOGRAPHY, ETC. NOTE
Bibliography, etc Glossary,Appendix and index included
650 ## - SUBJECT ADDED ENTRY--TOPICAL TERM
Topical term or geographic name as entry element Finance
9 (RLIN) 5401
942 ## - ADDED ENTRY ELEMENTS (KOHA)
Source of classification or shelving scheme Dewey Decimal Classification
Koha item type Book
Holdings
Withdrawn status Lost status Source of classification or shelving scheme Damaged status Not for loan Home library Current library Date acquired Source of acquisition Inventory number Total Checkouts Full call number Barcode Date last seen Price effective from Koha item type
    Dewey Decimal Classification     MUST Main Library MUST Main Library 01/08/2022 Purchase 22/41883   658.1 MAY 2018 2022-0712 01/08/2022 01/08/2022 Book
    Dewey Decimal Classification     MUST Main Library MUST Main Library 01/08/2022 Purchase 22/41882   658.1 MAY 2018 2022-0713 01/08/2022 01/08/2022 Book